01093cam a22003254a 450000100090000000300050000900500170001400800410003101000170007202000180008902000150010703800110012204000180013304300120015105000260016308200160018910000190020524500370022425000170026126000390027830000210031765000500033865000210038865000240040965500270043365500290046085601060048985600910059585600810068615389132NUST20191003130919.0080730r20092007nyu 000 1 eng  a 2008033945 a9780312375393 a0312375395 awaseem aDLCcDLCdDLC ae-uk-en00aPR6056.R456bU67 200900a823.92bFRE1 aFrench, Nicci.10aUntil it's over /cNicci French. a1st U.S. ed. aNew York :bMinotaur Books,c2009. a376 p. ;c25 cm. 0aBicycle messengerszEnglandzLondonvFiction. 0aMurdervFiction. 0aRoommatesvFiction. 0aPsychological fiction. 7aSuspense fiction.2gsafd423Contributor biographical informationuhttp://www.loc.gov/catdir/enhancements/fy0904/2008033945-b.html423Publisher descriptionuhttp://www.loc.gov/catdir/enhancements/fy0904/2008033945-d.html413Sample textuhttp://www.loc.gov/catdir/enhancements/fy0913/2008033945-s.html